Statistics for Biggest Companies by Country

Click here to take the quiz!

General Stats

  • This quiz has been taken 7 times
  • The average score is 7 of 15

Answer Stats

CountryMarket CapCompany% Correct
United States$2.5 TApple
100%
South Korea$429.7 BSamsung
100%
France$414.3 BLVMH
67%
Saudi Arabia$1.9 TSaudi Aramco
67%
China$554 BTencent
67%
Taiwan$594.5 BTSMC
67%
Ireland$208.2 BAccenture
33%
Denmark$236.7 BNovo Nordisk
33%
India$198.1 BReliance Industries
33%
Japan$251.6 BToyota
33%
United Kingdom$182 BAstraZeneca
17%
Australia$191.7 BBHP Group
17%
Switzerland$350 BRoche
17%
Canada$185.7 BShopify
17%
Netherlands$322.6 BASML
0%

Score Distribution

Percentile by Number Answered

Percent of People with Each Score

Your Score History

You have not taken this quiz